| 000 | 00443nam a22001697a 4500 | ||
|---|---|---|---|
| 003 | CEME | ||
| 005 | 20210628203045.0 | ||
| 008 | 210419b xxu||||| |||| 00| 0 eng d | ||
| 020 | _a0-419-14800-0 | ||
| 040 | _c. | ||
| 082 | _a683.88 JON'A | ||
| 100 |
_aJones, H.R.N _963072 |
||
| 245 | _aDomestic gas bunner design ,the application of combustion principles - 10 | ||
| 260 |
_aNEWYORK _bBRITISH _c1989 |
||
| 300 | _a189P | ||
| 942 |
_cBK _2ddc |
||
| 999 |
_c572010 _d572010 |
||